[Event "GER Cup"]
[Site "Kassel"]
[Date "2013.06.01"]
[Round "5.9"]
[White "Riegler, Dieter"]
[Black "Twele, Uwe"]
[Result "1/2-1/2"]
[WhiteElo "2121"]
[BlackElo "1995"]
[PlyCount "79"]
[EventDate "2013.05.30"]
[EventType "k.o."]
[EventRounds "5"]
[EventCountry "GER"]
[SourceTitle "EXT 2017"]
[Source "ChessBase"]
[SourceDate "2016.10.25"]
[SourceVersion "1"]
[SourceVersionDate "2016.10.25"]
[SourceQuality "1"]

1. d4 d5 2. c4 c6 3. Nf3 Nf6 4. Qc2 g6 5. Bf4 Bg7 6. e3 Bg4 7. Ne5 Bf5 8. Qb3 Qb6 9. Nc3 Qxb3 10. axb3 0-0 11. h3 Rd8 12. Be2 Nbd7 13. 0-0 Nxe5 14. Bxe5 Ne8 15. Bxg7 Kxg7 16. c5 Nc7 17. b4 a6 18. g4 Bd7 19. Kg2 Rf8 20. Kg3 Rae8 21. Bd3 e5 22. dxe5 Rxe5 23. Ne2 Re7 24. Nd4 Ne6 25. Rfe1 Rfe8 26. Rg1 Nxd4 27. exd4 f6 28. Rad1 Bc8 29. f3 Bd7 30. Kf2 Kf7 31. Rde1 Rxe1 32. Rxe1 Rxe1 33. Kxe1 h6 34. Kd2 g5 35. Kc3 Ke7 36. Kd2 Kd8 37. Ke3 Kc7 38. f4 Bc8 39. fxg5 hxg5 40. Kd2 1/2-1/2

[Event "Daehne Cup Niedersachsen"]
[Site "Lehrte"]
[Date "2012.08.26"]
[Round "2"]
[White "Twele, Uwe"]
[Black "Sturm, Timo"]
[Result "1-0"]
[WhiteElo "2011"]
[BlackElo "2051"]
[PlyCount "55"]
[EventDate "2012.08.25"]
[EventType "k.o."]
[EventRounds "3"]
[EventCountry "GER"]
[SourceTitle "EXT 2021"]
[Source "ChessBase"]
[SourceDate "2020.10.23"]
[SourceVersion "1"]
[SourceVersionDate "2020.10.23"]
[SourceQuality "1"]

1. e4 c6 2. d4 d5 3. Nc3 dxe4 4. Nxe4 Nd7 5. Nf3 Ngf6 6. Nxf6+ Nxf6 7. Bd3 Bg4 8. c3 e6 9. h3 Bh5 10. 0-0 Be7 11. Be2 0-0 12. Ne5 Bxe2 13. Qxe2 Nd5 14. Be3 Qc7 15. Rad1 c5 16. Nf3 a5 17. Bc1 Bf6 18. c4 Ne7 19. dxc5 Qxc5 20. Nd2 Qb6 21. Ne4 Bd4 22. b3 Nc6 23. Rd3 Nb4 24. Rg3 Be5 25. Rf3 Rad8 26. Ba3 Qd4 27. Nc3 Qd2 28. Qxe5 1-0

[Event "Niedersachsen-ch"]
[Site "Verden"]
[Date "2011.01.03"]
[Round "3"]
[White "Twele, Uwe"]
[Black "Kuberczyk, Christoph"]
[Result "0-1"]
[WhiteElo "2005"]
[BlackElo "1976"]
[PlyCount "152"]
[EventDate "2011.01.02"]
[EventType "swiss"]
[EventRounds "7"]
[EventCountry "GER"]
[SourceTitle "EXT 2018"]
[Source "ChessBase"]
[SourceDate "2017.10.13"]
[SourceVersion "1"]
[SourceVersionDate "2017.10.13"]
[SourceQuality "1"]

1. e4 c5 2. Nc3 Nc6 3. Nf3 d6 4. d4 cxd4 5. Nxd4 e6 6. Be3 Nf6 7. Be2 a6 8. 0-0 Qc7 9. Qd2 Be7 10. f3 Bd7 11. Nb3 Ne5 12. Bf4 0-0 13. Nd1 Rfd8 14. Ne3 Be8 15. c3 Nh5 16. Bg3 Nxg3 17. hxg3 b5 18. Kh2 Nc4 19. Nxc4 bxc4 20. Nd4 d5 21. Qc2 Rab8 22. f4 dxe4 23. Rab1 e3 24. Qe4 Bf6 25. Nf3 Rdc8 26. Qxe3 Qc5 27. Qxc5 Rxc5 28. Rfd1 Bc6 29. Rd2 Bd5 30. Nd4 Ra5 31. a3 Rxa3 32. Bf3 Bxf3 33. gxf3 Rxc3 34. Nc6 Rb6 35. Ne5 h6 36. Nd7 Rb5 37. Ra1 Rd3 38. Rxd3 cxd3 39. Rxa6 Rxb2+ 40. Kh3 h5 41. g4 hxg4+ 42. fxg4 Be7 43. Ne5 d2 44. Ra8+ Kh7 45. Ra1 Rc2 46. Rd1 Bb4 47. Nd3 Bc3 48. Kg3 Ra2 49. Rh1+ Kg8 50. Nf2 Ra1 51. Nd1 Ba5 52. Kf3 Ra3+ 53. Ke2 Ra4 54. Ke3 Ra3+ 55. Ke2 Rg3 56. Ne3 Bb6 57. Nc4 Rg2+ 58. Kd3 Bc7 59. f5 Rg3+ 60. Kxd2 Rxg4 61. Ne3 Bf4 62. fxe6 Rg3 63. exf7+ Kxf7 64. Rf1 g5 65. Re1 Rxe3 66. Rxe3 Kg6 67. Ke2 Bxe3 68. Kxe3 Kh5 69. Kf3 Kh4 70. Kg2 Kg4 71. Kh2 Kf3 72. Kg1 Kg3 73. Kh1 Kh3 74. Kg1 g4 75. Kh1 g3 76. Kg1 g2 0-1

[Event "Daehne Cup Niedersachsen"]
[Site "Lehrte"]
[Date "2010.08.21"]
[Round "1"]
[White "Twele, Uwe"]
[Black "Rauber, Christoph"]
[Result "1-0"]
[WhiteElo "2019"]
[BlackElo "1763"]
[PlyCount "59"]
[EventDate "2010.08.21"]
[EventType "k.o."]
[EventRounds "3"]
[EventCountry "GER"]
[SourceTitle "EXT 2021"]
[Source "ChessBase"]
[SourceDate "2020.10.23"]
[SourceVersion "1"]
[SourceVersionDate "2020.10.23"]
[SourceQuality "1"]

1. e4 e5 2. Nf3 Nc6 3. Bc4 Bc5 4. c3 Nf6 5. d4 exd4 6. e5 d5 7. Bb5 Ne4 8. cxd4 Bb4+ 9. Nbd2 0-0 10. 0-0 Bg4 11. Bxc6 bxc6 12. Qa4 Bxd2 13. Nxd2 Nxd2 14. Bxd2 Bd7 15. Qc2 Qh4 16. Bb4 Rfb8 17. Bc5 a5 18. b3 Re8 19. f4 f5 20. Qd2 a4 21. b4 Bc8 22. Rf3 Ba6 23. Qc2 Qg4 24. Re1 Bc4 25. Qf2 Re6 26. Rg3 Qh5 27. a3 Rae8 28. Rg5 Qf7 29. Qh4 Rh6 30. Qxh6 1-0